Statistics for Countries' Landmarks

Click here to take the quiz!

General Stats

  • This quiz has been taken 18 times
    (8 since last reset)
  • The average score is 23 of 31

Answer Stats

HintAnswer% Correct
The Great Wall Of ChinaChina
100%
The Little MermaidDenmark
100%
The Pyramid Of GizaEgypt
100%
The Great SphinxEgypt
100%
The Eiffel TowerFrance
100%
The Taj MahalIndia
100%
The Burj Al ArabUnited Arab Emirates
100%
Big BenUnited Kingdoms
100%
The Statue Of LibertyUnited States Of America
100%
Hollywood SignUnited States Of America
100%
Opera HouseAustralia
83%
Christ The RedeemerBrazil
83%
Neptune And The Palace Of VersaillesFrance
83%
Lotus TempleIndia
83%
Machu PicchuPeru
83%
KremlinRussia
83%
The Golden BridgeUnited States Of America
83%
PompeiiItaly
67%
Tower Of PisaItaly
67%
PetraJordan
67%
Chicken ItzaMexico
67%
St. Basil's CathedralRussia
67%
Cape Of Good HopeSouth Africa
67%
Agia SofiaTurkey
67%
Angel FallsVenezuela
67%
Golden TempleIndia
50%
Blue Domed ChurchGreece
33%
Bran CastleRomania
33%
Vinson MassifAntarctica
17%
Tilicho LakeNepal
17%
North CapeNorway
17%

Score Distribution

Percentile by Number Answered

Percent of People with Each Score

Your Score History

You have not taken this quiz since the last reset